543 Faces Of India / (Record no. 202887)

MARC details
000 -LEADER
fixed length control field 00581 a2200205 4500
005 - DATE AND TIME OF LATEST TRANSACTION
control field 20240516112426.0
010 ## - LCCN (DPL NO)
LC control number B-759066
020 ## - INTERNATIONAL STANDARD BOOK NUMBER
International Standard Book Number 8190066900
Terms of availability 1500.00
035 ## - SYSTEM CONTROL NUMBER
System control number B-759066
037 ## - SOURCE OF ACQUISITION
Source of stock number/acquisition Gift/Unesco
082 ## - DEWEY DECIMAL CLASSIFICATION NUMBER
Classification number 320.954
100 ## - MAIN ENTRY--PERSONAL NAME
Personal name HD Singh
245 ## - TITLE STATEMENT
Title 543 Faces Of India /
Statement of responsibility, etc HD Singh
260 ## - PUBLICATION, DISTRIBUTION, ETC. (IMPRINT)
Place of publication, distribution, etc New Delhi
Name of publisher, distributor, etc Newsmen Publishers
Date of publication, distribution, etc 1996
270 ## - ADDRESS
Address 195 Kailash Hills
City New Delhi
Postal code 110065
300 ## - PHYSICAL DESCRIPTION
Extent 331p.
Dimensions 29cm (Hb)
700 ## - ADDED ENTRY--PERSONAL NAME
9 (RLIN) 66089
942 ## - ADDED ENTRY ELEMENTS (KOHA)
Institution code [OBSOLETE] dpl
Item type English Books
Source of classification or shelving scheme Dewey Decimal Classification
Classification part 320.954
Call number suffix HDS
Holdings
Withdrawn status Lost status Not for loan Collection code Home library Current library Date acquired Source of acquisition Cost, normal purchase price Full call number Barcode Copy number Cost, replacement price Koha item type Public note
      Non-fiction Ashok Vihar Ashok Vihar 16/05/2024 Gift/10.5.24 1500.00 320.954 HDS B-759066 1 1500.00 English Books Gift

© Delhi Public Library
Hit Counter
free hit counter